000 00575nam a2200205Ia 4500
003 OSt
005 20230328101245.0
008 210423s2005 xx 000 0 und d
020 _a8170339359
040 _cAL
041 _aeng
082 _a812.0954 TALU
100 _aTALWAR (Urmil);CHAKRABARTY (B).
_978643
245 _aContemporary Indian drama: astride two traditions.
260 _aNew Delhi
_bRawat Publications
_c2005
300 _axi,284
_bHB
365 _b595
_cINR
906 _aContemporary ; drama:astride ; Indian ; traditions. ; two
942 _2ddc
_cBK
999 _c156156
_d156156